La administración y la contabilidad (Registro nro. 29091)
[ vista simple ]
| 000 -LEADER | |
|---|---|
| fixed length control field | 00303 a2200109 4500 |
| 001 - CONTROL NUMBER | |
| control field | ART_26199 |
| 005 - DATE AND TIME OF LATEST TRANSACTION | |
| control field | 20260410161936.0 |
| 008 - FIXED-LENGTH DATA ELEMENTS--GENERAL INFORMATION | |
| fixed length control field | 260409a |
| 100 1# - MAIN ENTRY--PERSONAL NAME | |
| Personal name | Viegas, Juan Carlos |
| 245 10 - TITLE STATEMENT | |
| Title | La administración y la contabilidad |
| 773 0# - HOST ITEM ENTRY | |
| Title | SaberEs |
| Related parts | - Nº 1 (jun. 2009) |
| Record control number | REV26089 |
No hay ítems disponibles.